| Поле | Название | Значение |
| |
Тип записи |
i |
| |
Библиографический уровень |
m |
| 001 |
Контрольный номер |
RU/IS/BASE/487856642 |
| 005 |
Дата корректировки |
20201206204947.4 |
| 010 |
Индекс ISBN |
__ |
| a |
ISBN |
978-5-9677-2007-9 (в кор.) |
| d |
Цена |
256-50 |
| 100 |
Данные общей обработки |
__ |
| a |
Данные общей обработки |
19150617d2014||||||| 0rusy0189 ca |
| 101 |
Язык документа |
0_ |
| a |
Язык текста |
rus |
| 102 |
Страна публикации |
__ |
| a |
Страна публикации |
ru| |
| 105 |
Кодированные данные (монография) |
__ |
| a |
Кодированные данные (монография) |
mu|||||||||zy |
| 127 |
Кодированные данные (звукозаписи-физические характеристики) |
__ |
| a |
Продолжительность проигрывания |
13 ч 20 |
| 200 |
Заглавие и сведения об ответственности |
1_ |
| a |
Заглавие |
Детство ; Отрочество ; Юность |
| e |
Сведения, относящиеся к заглавию |
[повести : аудиокнига : 12+] |
| f |
Первые сведения об ответственности |
Л. Н. Толстой ; [читает П. Коршунов] |
| b |
Общее обозначение материала |
Звукозапись |
| 210 |
Выходные данные |
__ |
| a |
Место издания |
Москва |
| c |
Издательство |
Агентство |
| c |
Издательство |
1С-Паблишинг |
| d |
Дата издания |
2014 |
| 215 |
Физическое описание |
__ |
| a |
Объем |
1 электрон. опт. диск (Audio CD) |
| c |
Иллюстрации/тип воспроизводства |
mp3, stereo |
| d |
Формат |
12х14 см |
| 225 |
Серия |
__ |
| a |
Серия |
1С: Аудиокниги |
| i |
Наименование части |
Русская классика |
| 230 |
Специфическая характеристика материала: электронные ресурсы |
__ |
| a |
Обозначение и объем ресурса |
Электронные звуковые данные |
| 323 |
Примечание о главных создателях, исполнителях, участниках |
__ |
| a |
Примечание о главных создателях, исполнителях, участниках |
Коршунов, П. (читает) |
| 327 |
Примечание о содержании |
__ |
| a |
Примечание о содержании |
Отрочество |
| 327 |
Примечание о содержании |
__ |
| a |
Примечание о содержании |
Юность |
| 330 |
Аннотация |
__ |
| a |
Аннотация |
Во многом автобиографическая трилогия великого русского писателя Л. Н. Толстого - это история взросления и становления личности. |
| 333 |
Примечание о целевом назначении |
__ |
| a |
Примечание о целевом назначении |
12+. Для детей старше 12 лет |
| 337 |
Примечание о системных требованиях (электронные ресурсы) |
__ |
| a |
Примечание о системных требованиях (электронные ресурсы) |
Системные требования: CD-плеер с поддержкой MP3 или Pentium-233 с Windows 9x-XP ; CD-ROM ; звуковая карта |
| 517 |
Другие варианты заглавия |
__ |
| a |
Другие варианты заглавия |
Отрочество |
| 517 |
Другие варианты заглавия |
__ |
| a |
Другие варианты заглавия |
Юность |
| 606 |
Тематические рубрики |
__ |
| a |
Основная рубрика |
Художественная литература |
| 606 |
Тематические рубрики |
__ |
| a |
Основная рубрика |
Русская литература XIX в. (произведения) |
| 610 |
Ключевые слова |
__ |
| a |
Ключевые слова |
автобиографические повести |
| a |
Ключевые слова |
автобиографические трилогии |
| a |
Ключевые слова |
классическая литература |
| a |
Ключевые слова |
повести |
| a |
Ключевые слова |
русская классика |
| a |
Ключевые слова |
тема взросления |
| a |
Ключевые слова |
тема детства |
| a |
Ключевые слова |
тема человека |
| a |
Ключевые слова |
тема юности |
| a |
Ключевые слова |
трилогии |
| 686 |
Индексы других классификаций |
__ |
| 2 |
Код системы |
rubbks |
| a |
Классификационный индекс |
84(2=411.2)52-4я04; ст84(2Рос=Рус)1-6я0 |
| 700 |
Автор |
_1 |
| a |
Фамилия |
Толстой |
| b |
Имя |
Л. Н. |
| f |
Даты |
1828-1910 |
| g |
Полное личное имя |
Лев Николаевич |
| 4 |
Код отношения |
070 |
| 801 |
Источник записи |
_0 |
| a |
Страна |
ru |
| b |
Организация |
Муниципальное бюджетное учреждение культуры "Централизованная библиотечная система" г. Сургут (Центральная городская библиотека им. А. С. Пушкина) |
| c |
Дата составления |
20150617 |
| g |
Правила каталогизации |
КиК/Апакова |
| 801 |
Источник записи |
_1 |
| a |
Страна |
ru |
| b |
Организация |
Муниципальное бюджетное учреждение культуры "Централизованная библиотечная система" г. Сургут (Центральная городская библиотека им. А. С. Пушкина) |
| c |
Дата составления |
20150617 |
| g |
Правила каталогизации |
КиК/Апакова |
| 852 |
Данные о местонахождении |
__ |
| j |
Шифр хранения |
84(2=411.2)52-4я04 |
| i |
Авторский знак |
Т 52 |
| 901 |
Тип документа |
__ |
| t |
Тип документа |
0 |
| 903 |
Характеристики (МАРС) |
__ |
| a |
Дата передачи |
20150617 |
| 969 |
Тип издания |
__ |
| a |
Тип издания |
аудиокнига; издание для слепых |
| 990 |
Данные о заказе (DOS) |
__ |
| j |
Количество экземпляров (DOS) |
7 |
| t |
N записи в КСУ для И/У (DOS) |
201506 |